000 00655aas a2200241 4500
999 _c814
_d814
003 BR-BrBNA
005 20230317232913.0
007 ta
008 230119b bl ||||| |||| 00| 0 por d
022 _a0370-3355
035 _a000485-5
040 _aBR-BrBNA
_bPor
_cBR-BrBNA
042 _a065291-1
044 _abl
245 _aRevista Alimentar (Brazil)
260 _aRio de Janeiro-RJ
_bJayme Santa Rosa
_c1944. Data final de publicação em 1945
_eBRJ
270 _aRua Senador Dantas, 20 - salas 408/10 - Cep: 20.000
310 _amensal
505 _a1944 8(1-12); 1945 9(1-10);
650 1 2 _gALIMENTOS
909 _a56
_bSergio Santos
_c56
_dSergio Santos
942 _cCR
_2AGRIS